00509nam a2200181Ia 450000500170000000800410001702000150005808200130007310000190008624500290010526000390013430000130017365000100018665000120019694200060020895200980021499900150031220250626032400.0240331s9999 xx 000 0 und d a9555531935 bDHAa362 aDharapriya,J.D 0aMathdrawya saha samajaya aWarakapolabAryan Publishersc2001 a116 p ., aDrugs aSociety cL 001040708LaWERCLbWERCLcSSCd2024-03-31l0o 362.29 DHAp4664r2024-03-31w2024-03-31yL c5120d5120